[Event "LUX-chABC"]
[Site "Dudelange"]
[Date "1997.04.02"]
[Round "5.22"]
[White "Nickels, Hinky"]
[Black "Freylinger, Jean Paul"]
[Result "1/2-1/2"]
[WhiteElo "1880"]
[BlackElo "1770"]
[PlyCount "66"]
[EventDate "1997.03.29"]
[EventType "swiss"]
[EventRounds "9"]
[EventCountry "LUX"]
[SourceTitle "EXT 2013"]
[Source "ChessBase"]
[SourceDate "2012.11.22"]
[SourceVersion "1"]
[SourceVersionDate "2012.11.22"]
[SourceQuality "1"]

1. e4 e5 2. Nf3 Nc6 3. Bb5 a6 4. Bxc6 dxc6 5. d4 exd4 6. Qxd4 Qxd4 7. Nxd4 Bd6 8. Be3 Ne7 9. Nc3 f6 10. 0-0-0 Bd7 11. Nb3 0-0-0 12. Nc5 Bxc5 13. Bxc5 Rhe8 14. Bxe7 Rxe7 15. Rd2 Bg4 16. Rxd8+ Kxd8 17. f3 Be6 18. Rd1+ Rd7 19. Rxd7+ Kxd7 20. Ne2 Kd6 21. Nf4 Bf7 22. Kd2 Be8 23. Nd3 Bg6 24. c4 c5 25. Ke3 Bf7 26. b3 b6 27. Nf4 c6 28. Nd3 b5 29. Nb2 Ke5 30. Kd3 Kf4 31. Ke2 Ke5 32. Nd3+ Kd4 33. cxb5 cxb5 1/2-1/2